000 01451nam2a2200301 4500
001 RU\NLR\bibl\316267
005 20250621141713.0
021 _aRU
_b2002-30447
_91511
035 _a(NLR Aleph) 000311349
090 _a39660
_c39660
100 _a20021008d2002 |||y0rusy50 ca
101 0 _arus
102 _aRU
105 _aa |||||||||
200 0 _aВып. 2
_e[По состоянию на 19.02.02]
210 _d2002
_aБ. м.
215 _a95,[2] с.
_cцв. ил.
461 0 _1001RU\NLR\bibl\343919
_12001#$aКаталог контрольно-кассовых машин, включенных в Государственный реестр Российской Федерации с 1 января 2002 года$vВып. 2
_9203034
_cСПб.
_d2002
_fПодгот. ред. журн. "Контрольно-кассовые машины"
_nРед. журн. "Контрольно-кассовые машины"
_tКаталог контрольно-кассовых машин, включенных в Государственный реестр Российской Федерации с 1 января 2002 года
_vВып. 2
610 0 _aКассовые аппараты - Каталоги
675 _a681.171
_v3
_zrus
686 _a50
_2rugasnti
686 _a37.9
_2rubbk
801 0 _aRU
_bRKP
_c20021008
_gPSBO
801 1 _aRU
_bRKP
_c20021008
801 2 _aRU
_bNLR
_c20030304
_grcr
942 _cBOOK
980 _aNB